Tiwanacu : (Record no. 25452)
[ view plain ]
| 000 -CABECERA | |
|---|---|
| campo de control de longitud fija | 00659nam a2200205 a 4500 |
| 001 - NÚMERO DE CONTROL | |
| campo de control | 000025960 |
| 005 - FECHA Y HORA DE LA ÚLTIMA TRANSACCIÓN | |
| campo de control | 20200930024203.0 |
| 008 - DATOS DE LONGITUD FIJA--INFORMACIÓN GENERAL | |
| campo de control de longitud fija | 110224s1997 ag ab r 000 0 spa d |
| 040 ## - FUENTE DE LA CATALOGACIÓN | |
| Centro catalogador/agencia de origen | DO-SdBNP |
| Lengua de catalogación | spa |
| Centro/agencia transcriptor | BNPHU |
| 082 ## - NÚMERO DE LA CLASIFICACIÓN DECIMAL DEWEY | |
| Número de clasificación | 901 |
| Número de documento/Ítem | C416t |
| 049 ## - FONDOS LOCALES (OCLC) | |
| Fondos de biblioteca | BNGR |
| 100 1# - ENTRADA PRINCIPAL--NOMBRE DE PERSONA | |
| Nombre de persona | Cerqueiro, Daniel. |
| 9 (RLIN) | 52838 |
| 245 10 - MENCIÓN DE TÍTULO | |
| Título | Tiwanacu : |
| Resto del título | una nueva revelación / |
| Mención de responsabilidad, etc. | Daniel Cerqueiro. |
| 260 ## - PUBLICACIÓN, DISTRIBUCIÓN, ETC. | |
| Lugar de publicación, distribución, etc. | Buenos Aires, (Argentina) : |
| Nombre del editor, distribuidor, etc. | Ediciones Pequeña Venecia, |
| Fecha de publicación, distribución, etc. | 1997. |
| 300 ## - DESCRIPCIÓN FÍSICA | |
| Extensión | 157 p. : |
| Otras características físicas | il., mapas ; |
| Dimensiones | 20 cm. |
| 650 #4 - PUNTO DE ACCESO ADICIONAL DE MATERIA--TÉRMINO DE MATERIA | |
| Término de materia o nombre geográfico como elemento de entrada | Civilización |
| Subdivisión general | Historia |
| 9 (RLIN) | 4894 |
| 650 #4 - PUNTO DE ACCESO ADICIONAL DE MATERIA--TÉRMINO DE MATERIA | |
| Término de materia o nombre geográfico como elemento de entrada | Tiahuana (bolivia) |
| 9 (RLIN) | 52839 |
| 650 #4 - PUNTO DE ACCESO ADICIONAL DE MATERIA--TÉRMINO DE MATERIA | |
| Término de materia o nombre geográfico como elemento de entrada | Cultura tiahuanaco |
| 9 (RLIN) | 52840 |
| 650 #4 - PUNTO DE ACCESO ADICIONAL DE MATERIA--TÉRMINO DE MATERIA | |
| Término de materia o nombre geográfico como elemento de entrada | Civilización antigua |
| 9 (RLIN) | 18157 |
| Estado de retiro | Estado de pérdida | Restricciones de uso | No para préstamo | Código de colección | Localización permanente | Ubicación/localización actual | Ubicación en estantería | Fecha de adquisición | Número de inventario | Total de préstamos | Signatura topográfica completa | Código de barras | Fecha visto por última vez | Precio válido a partir de | Tipo de ítem Koha | Número de copia |
|---|---|---|---|---|---|---|---|---|---|---|---|---|---|---|---|---|
| Monografías: Libros y Folletos | General | General | En catalogación | 24.02.2011 | LF1 | 901 C416t | 25960-10 | 25.06.2020 | 25.06.2020 | Préstamo en sala | ||||||
| Préstamo restrigido | Monografías: Libros y Folletos | General | General | En catalogación | 24.02.2011 | LF1 | 901 C416t | 25960-20 | 25.06.2020 | 25.06.2020 | Préstamo en sala | e.2 | ||||
| Monografías: Libros y Folletos | General | General | En catalogación | 25.02.2011 | LF1 | 901 C416t | 25960-30 | 25.06.2020 | 25.06.2020 | Préstamo en sala | e.3 |
